[Event "Tata Steel-A 79th"]
[Site "Wijk aan Zee"]
[Date "2017.01.24"]
[Round "9"]
[White "Wei, Yi"]
[Black "Adhiban, Baskaran"]
[Result "1/2-1/2"]
[WhiteElo "2706"]
[BlackElo "2653"]
[Annotator "Adhiban,B"]
[PlyCount "180"]
[EventDate "2017.01.14"]
[EventType "tourn"]
[EventRounds "13"]
[EventCountry "NED"]
[EventCategory "21"]
[SourceTitle "CBM 177"]
[Source "ChessBase"]
[SourceDate "2017.03.16"]
[SourceVersion "1"]
[SourceVersionDate "2017.03.16"]
[SourceQuality "1"]

{Wei Yi was having a really solid event and hence I was eager to beat him, but
judging by how the game went... I wasn't even close to achieving what I wanted
:).} 1. Nf3 {A pleasant surprise.} Nf6 2. c4 g6 3. Nc3 Bg7 4. d4 O-O 5. e4 d6
6. h3 {During our prep for the game I had asked my friend Vishnu what to do
against 1.d4? He replied, "He doesn't play d4 against guys who play the KID" :)
.} Na6 7. Be3 c6 8. Rc1 Nc7 {Deviating from his game against Zhao.} 9. Be2 ({
I wonder why Wei Yi rejected} 9. Bd3 $5 {which was probably best.} b5 ({
The lesser evil is} 9... e5 10. d5 {But what is the knight doing on c7? :)})
10. cxb5 cxb5 (10... Nxb5 11. Na4 $16) 11. O-O b4 12. Ne2 Ba6 13. Ng3 {with a
clearly superior position.}) 9... b5 (9... e5 10. d5 $14) 10. e5 (10. cxb5 Nxb5
$1 {The point! Black should be able to equalise here since White has to waste
another tempo to defend the e4-pawn.} (10... cxb5 {is bad due to} 11. Bd3 Bb7
12. O-O b4 13. Ne2 Nxe4 14. Qc2 $18)) 10... dxe5 11. dxe5 {I was happy to see
this, as I wasn't sure how to react against Nxe5.} ({There was the stronger
and more principled} 11. Nxe5 bxc4 ({More passive but possibly more chances of
equalising were offered by} 11... Bb7 $5 12. O-O bxc4 13. Bxc4 Nfd5 14. Nxd5
Nxd5 15. Qb3 $1 Rb8 16. Bxd5 cxd5 17. Qa4 $14 {and the light-squared bishop
feels totally out of place.}) 12. Nxc6 $1 (12. Bxc4 Ncd5 13. O-O (13. Nxc6 Nxe3
14. fxe3 Qd6 15. Ne5 Nd7 $1 16. Nxd7 Qg3+ {is a nice line}) 13... Qd6 {looked
decent for Black.} (13... Nxe3 14. fxe3 $16)) 12... Qd6 13. Bf3 Bd7 14. Ne5
Ncd5 15. Nxc4 {and White has won the pawn under favourable circumstances.})
11... Nd7 12. cxb5 cxb5 13. O-O (13. Nxb5 Nxb5 14. Bxb5 Qa5+ $19) 13... Bb7 (
13... Nxe5 14. Nxe5 Bxe5 15. Bf3 $1 {I missed this idea when I went for ...b5.}
) (13... b4 14. Nd5 $16) 14. Nxb5 Nd5 $5 {Too stubborn.} (14... Nxb5 15. Bxb5
Nxe5 16. Nxe5 Bxe5 {and I would have probably made a less impressive draw but..
. 4hrs earlier and without suffering, but where is the fun in that :)?}) 15. e6
$1 {Although I saw this I decided to allow it. Bravery or stupidity?} fxe6 (
15... Nxe3 16. fxe3 Nb6 (16... fxe6 17. Nc7 $18) 17. exf7+ Rxf7 18. Nc7 Rc8 19.
Qxd8+ Rxd8 20. Ne6 Rd6 21. Nxg7 Kxg7 22. Rfd1 $16) 16. Qb3 $1 $16 {A strong
move after which I also have to worry about discovered attack's on the
b7-bishop.} (16. Ng5 Nxe3 17. fxe3 Qb6 $1 {and Black takes over the intiative.}
) 16... Ne5 $5 {Exchanging some pieces and reducing the pressure.} 17. Nxe5
Bxe5 18. Bg4 Kh8 $1 19. Bd4 Bf6 (19... Qb8 20. Bxe5+ Qxe5 21. Rce1 Qb8 (21...
Qg5 22. Nd4 $1 Nf4 23. Nxe6 Nxe6 24. Qxb7 {with a hopeless position for Black.}
) 22. Rxe6 $18) 20. Bxf6+ (20. Bxe6 $2 Nf4 $1 $15) (20. Rfd1 $16 {just keeping
the status quo was much better.}) 20... Rxf6 (20... exf6 21. Nc7) 21. Nc7 $1
Rb8 (21... Nxc7 22. Qxb7 Nd5 23. Rfe1 $16) 22. Nxe6 Qg8 $5 {What else?} (22...
Qd6 {was my original intention but unfortunately allows the stunning} 23. Qxb7
$1) 23. Nc5 ({During the game I was more concerned about} 23. Nc7 $1 {But
luckily I have} Nf4 $1 (23... Nxc7 24. Qxg8+ Kxg8 25. Rxc7 {looked uninspiring.
}) 24. Qxg8+ Kxg8 25. g3 h5 {with counterplay.}) 23... Ba6 24. Be6 $1 Rxb3 (
24... Rxe6 25. Qxd5 $16) 25. Bxg8 Kxg8 (25... Bxf1 26. Bxd5 (26. Nxb3 Bxg2 27.
Rc8 Nb6 {with equality.}) 26... Rxb2 27. Rxf1 Rb5 28. Rc1 Rf5 29. Ne6 $1 {
Again this nasty motif, winning.}) 26. Nxb3 (26. axb3 $5 {was stronger:} Bxf1
27. Kxf1 {Compared to the game the white knight will be more active here.})
26... Bxf1 27. Kxf1 Nb4 28. Rc7 (28. Rc8+ $1 Kf7 29. Nc1 {was a nice defence
and again I would face an uphill struggle to save this.}) 28... Nd3 (28... Ra6
{allows} 29. a3 Nd3 30. Nc5 {with a better endgame with good winning chances.})
29. Rd7 (29. Rc2 $1 {offered the best chances.} Nb4 30. Rc8+ {tr to 28.Rc8+.})
29... Nxb2 30. Rxa7 Nd3 31. f3 (31. Kg1 $5 Kf7 {Black has decent chances to
save this.}) 31... Re6 32. Kg1 Nf4 (32... Re1+ $1 33. Kh2 Re2 {was the natural
intention but I decided against it for some reason.} 34. Nd4 (34. Rd7 Nf4 35.
Rd2) 34... Rb2 {with sufficient play to hold the balance.}) 33. Rd7 Ne2+ (33...
Re2 34. Rd2 $16) 34. Kf2 (34. Kh2 Ra6 {going for the a2-pawn.}) 34... Nc3 35.
Rd2 Ra6 36. Nc1 Kf7 {Somehow I have managed to tie up White's forces a bit.} (
36... Ra3 {was my first intention.} 37. Rd3 $1) 37. Ke3 Ke6 (37... Ra4 $5 {
was stronger, not allowing the activation of the king.}) 38. Kd4 $1 Nb5+ $5 (
38... Nd5 {was the original plan but it started to feel uncomfortable after}
39. Nd3 $5 Ra4+ 40. Kc5 {White is very active in addition to the extra a-pawn.}
) 39. Kc5 Nd6 40. Nb3 {White is very active hence his chances look really good.
} Kd7 41. Kb4 Rb6+ 42. Kc3 Rc6+ 43. Kb2 ({Maybe a stronger move was} 43. Kd3 $5
{keeping the king active.}) 43... Kc7 44. Nd4 $1 {A nice trick which I
understimated.} Rb6+ (44... Nc4+ 45. Kc3 Nxd2+ 46. Nxc6 $18) 45. Kc3 e5 {
[%csl Yc3,Yd2] Using the king and rook placement to create the new threat of
e4.} 46. Ne6+ Kc6 47. Kd3 (47. Re2 Kd5 {and the king looks active on d5.})
47... Ra6 $1 {Activating the rook and preparing to annoy the king with a rook
check on a3.} 48. Rc2+ Kb6 49. Nd8 Kb5 $1 {Now the knight is little bit silly
on d8.} 50. Rb2+ Kc5 51. Ne6+ Kc6 52. Rc2+ Kb6 53. Kc3 $1 Ra3+ $6 {A loss of
concentration, I forgot about White's reply.} (53... e4 54. fxe4 Nxe4+ 55. Kb4
$16) 54. Kb4 {I had completely overlooked this move.} ({I was expecting} 54.
Kb2 Re3 {with good play.}) 54... Rd3 55. Nf8 (55. Nd8 Rd4+ 56. Kb3 Nf5 $1 {
A nice trick to prevent Rc6+.}) 55... Rd4+ 56. Kb3 Nf5 $1 57. Kc3 (57. Nxh7 Rh4
$1 {At first this slipped my mind.} (57... Rd7 {doesn't work due to} 58. Nf6
Rf7 59. Nd5+)) (57. Re2 Rd8 $1 {and Black survives.} 58. Ne6 Re8 59. g4 (59.
Rxe5 $6 Nd4+) 59... Rxe6 60. gxf5 gxf5 {with a draw.}) 57... Ne3 $1 58. Re2
Nd5+ 59. Kc2 {Here I had to make a difficult decision again.} Rc4+ 60. Kb3 Rc3+
$1 61. Kb2 Rc7 62. Rd2 (62. Ne6 Re7 63. Rxe5 Nf4 $1 64. Nc5 Rxe5 65. Nd7+ Kb5
66. Nxe5 Nxg2 {with a probable draw.}) 62... Rb7 $1 {I had to forsee this when
I played 59...Rc4+, because otherwise the whole line doesn't work! Now the
knight on f8 starts to feel bit ashamed about itself.} 63. Ne6 Kc6+ 64. Kc1 Ra7
$1 {Moving the rook out of the danger zone and keeping the pressure.} 65. Ng5
Nf6 $5 {Fighting for the e4-square.} (65... Kc5 66. Ne4+ Kc4 {looked funny but
probably also possible.} 67. Rc2+ Kd4 68. Nd6 Ke3 {and White doesn't have much
advantage left.}) 66. Re2 $6 (66. Kb2 $1 {would still keep good chances to win.
}) 66... Kd5 (66... h6 $1 {would have shortened the suffering.} 67. Ne4 (67.
Ne6 $6 Kd6 68. Nf8 Rg7 {and the knight will meet its master soon :).}) 67...
Nxe4 68. fxe4 Ra4 {with equality.}) 67. Kb2 Rb7+ 68. Kc2 ({A stronger try was} 
68. Kc3 Rc7+ 69. Kd3 Ra7 70. Rd2 $1 {Borrowing the same trick which I used :).}
h6 71. Ke3+ Kc6 72. Ne6 g5 {Black can fight on.}) 68... Ra7 69. Kb2 Rb7+ 70.
Ka1 Rb4 ({A better move was} 70... Kd4 $5 {The king occupies a commanding
position.}) 71. a3 (71. Ne4 Nxe4 72. Rxe4 Rxe4 73. fxe4+ Kxe4 74. a4 (74. Kb2
Kd3 75. Kc1 Ke2) 74... Kd3 {Suddenly I am playing for a win.}) (71. Rb2 $1 {
was a good attempt} Rd4 72. Kb1 e4 $1 73. fxe4+ Nxe4 74. Nxh7 Kc4 {Though
Black's active pieces should compensate for the pawn deficit.}) 71... Rd4 {
Not allowing Rd2+.} (71... Rb3 72. Rd2+ $1) 72. Kb2 Rd3 73. a4 h6 $5 {I
figured it was time to liquidate a bit, also because the a-pawn was starting
to make me uncomfortable.} 74. Nf7 e4 75. fxe4+ (75. a5 {was the last chance}
e3 76. a6 Nd7 77. a7 Nb6 78. Rc2 Rd4 79. Nd8 Ra4 80. Nc6 e2 $1 81. Ne7+ Kd4 82.
Rxe2 Rxa7 83. Nc6+ Kd3 84. Re6 Rb7 $1 {Yes this trick again!} 85. Ne5+ Kd2 {
and Black holds the balance thanks to his activity.}) 75... Nxe4 76. Nxh6 Rd4
$1 {Looked stronger than ...Nc5.} ({My main intention was} 76... Nc5 77. a5
Rb3+ 78. Kc2 Ra3 {is maybe also possible.}) 77. a5 Ra4 (77... Rb4+ $1 {was the
easier way out.} 78. Ka3 Rb5 {winning the pawn.}) 78. Ng8 Kd4 $1 79. Ne7 Kd3
80. Rc2 (80. Re1 Rxa5 81. Nxg6 Rb5+ 82. Kc1 Rc5+ 83. Kb2 Rb5+ $11) 80... Rxa5
81. Nxg6 Ra2+ $1 {I calculated that I can stop the pawns in time (also I
really didn't have any other option :))} 82. Kxa2 Kxc2 83. h4 Nf6 $1 {The
black king and the knight will easily mop up the pawns as the white king is
stranded on the other wing.} 84. Ne5 Kc3 (84... Kd2 85. g4 Ke3 86. g5 {I
thought I wasn't in time but after} Nh5 {Black holds.}) 85. Kb1 Kd4 86. Nf3+
Ke3 87. Kc2 Kf2 88. Kd3 Kxg2 89. Nd2 Kg3 90. Ne4+ Kxh4 {Finally managing to
save a completely lost position after a mammoth struggle! Thanks to this save,
I kept my plus score intact.} 1/2-1/2

[Event "EU-ch 18th"]
[Site "Minsk"]
[Date "2017.06.05"]
[Round "6"]
[White "Matlakov, Maxim"]
[Black "Kovalev, Vladislav"]
[Result "1-0"]
[WhiteElo "2714"]
[BlackElo "2629"]
[Annotator "Szabo,Kr"]
[PlyCount "99"]
[EventDate "2017.05.30"]
[EventType "swiss"]
[EventRounds "11"]
[EventCountry "BLR"]
[SourceTitle "CBM 179"]
[Source "ChessBase"]
[SourceDate "2017.07.12"]
[SourceVersion "1"]
[SourceVersionDate "2017.07.12"]
[SourceQuality "1"]

1. d4 Nf6 2. c4 g6 3. Nc3 Bg7 4. e4 d6 5. h3 O-O 6. Be3 c5 (6... e5 {is the
most common main line in King's Indian spirit.}) 7. Nf3 cxd4 8. Nxd4 b6 9. g3
Bb7 10. Bg2 Nbd7 11. O-O Nc5 (11... Rb8 12. Re1 a6 13. Rc1 e6 14. Qd2 Qe7 15.
b3 Nc5 16. Qc2 Rfc8 17. Qb1 h5 18. Rcd1 Qf8 $11 {Andreikin-Maze, Minsk 2017,
with a balanced position.}) 12. Qc2 Rc8 13. Rfd1 $146 {A novelty by Matlakov.}
(13. Rad1 {has been played before,} Qc7 14. Nd5 Qd7 15. Nc3 {Very unexpected
moves! The knight comes back from d5.} Rfe8 16. Rfe1 Qc7 17. Bg5 Qb8 18. Qd2
Qa8 19. Nd5 Ncd7 20. b3 a6 21. Bxf6 Bxf6 22. Nxf6+ Nxf6 23. Qf4 {1/2 Illescas
Cordoba-Romero Holmes, Leon 1989, and draw agreed.}) 13... Qd7 14. a4 a5 15.
Nd5 Qd8 $6 {Black ignores the d5-knight, but this is a slightly passive reply.}
(15... Nxd5 $1 {was correct,} 16. exd5 e5 $1 {An important breakthrough!} 17.
dxe6 fxe6 18. Bxb7 Nxb7 $13 {and Black looks OK.}) 16. Rd2 Ne8 ({Removing the
d5-knight with} 16... e6 $2 {does not work, because of} 17. Nxf6+ Qxf6 18. Nb5
$16 {and White wins a pawn.}) ({Probably} 16... Nfd7 {was more accurate to
protect the b6-P too,} 17. Nb5 Na6 18. Re1 $14 {and White is also comfortable.}
) 17. Nb5 e6 18. Ndc3 Qe7 19. Re1 {This is an unexpected move for me, because
I thought White wanted to attack the d6-pawn. Nevertheless the rook is useful
on e1 too.} ({I prefer} 19. Rad1 Bc6 20. f4 $16 {and White has gained some
space. He is better.}) 19... Rd8 20. f4 Nc7 21. Nxc7 Qxc7 {Black has exchanged
the passive e8-knight and simplified the position. However the next knight is
going to go to b5 and the d6-pawn is becoming weaker.} 22. Nb5 Qe7 23. b3 {
A typical useful move.} ({On the other hand} 23. Red1 $1 {was stronger, to
attack immediately on d6,} Bc6 24. b3 {and now} Rd7 {does not work, as} 25. e5
$1 Bxg2 26. exd6 $16 {and White wins a pawn.}) 23... Rd7 24. Bf2 Rfd8 25. h4 h5
26. Rdd1 e5 $6 {An inaccuracy, which involves weaknesses on the light squares.}
({Black should hold the position with} 26... Ba8) ({or} 26... Qe8 {and it is
difficult to find any weaknesses in Black's position.}) 27. f5 $1 {The correct
reply!} ({The tempting} 27. Bh3 $2 {could have been met by} exf4 $1 28. Bxd7
Rxd7 29. gxf4 Nxe4 $36 {and Black becomes very active.}) 27... gxf5 28. exf5
Bxg2 29. Kxg2 d5 $1 {An important breakthrough, otherwise Nc3-d5.} 30. cxd5
Rxd5 31. Nc3 (31. Rxd5 {was also fine,} Rxd5 32. Nc3 Rd8 33. Ne4 $14 {with a
comfortable position for White.}) 31... Rxd1 32. Rxd1 Rxd1 33. Qxd1 e4 {
Black has to create counterplay, otherwise White simply takes the h5-pawn.} 34.
Nd5 Qe5 35. f6 $1 {A very strong move by Matlakov!} Bf8 $2 {loses immediately.}
(35... Bxf6 {was still the best chance, but} 36. Bxc5 $1 (36. Qxh5 Qb2) 36...
bxc5 37. Qxh5 $1 Qb2+ 38. Kh3 $16 {and White is better.}) 36. Be3 $6 {This is
not a bad move, but misses the winning.} (36. Ne7+ $1 {was the strongest reply,
} Bxe7 37. Bd4 $1 {An important intermediate move!} Qe6 38. fxe7 Qxe7 39. Qxh5
$18 {and Black has no hope.}) 36... Nd3 37. Ne7+ Bxe7 38. fxe7 Qxe7 39. Qxh5
Ne1+ 40. Kf2 (40. Kh3 $1 $18 {was more accurate, but the text move is also
winning.}) 40... Nc2 $6 (40... Nd3+ 41. Kg2 {and after a repetition White can
continue with 40.Kh3!}) 41. Qg5+ $1 {White simplifies the position into a
winning endgame.} Qxg5 42. hxg5 $1 $18 Kh7 43. Bxb6 Kg6 44. Bxa5 Kxg5 45. Bd2+
Kf5 46. a5 Nd4 47. a6 Nb5 48. Bf4 Na7 49. Be3 Nb5 50. Bb6 1-0